Law of contract
| Main Author: | |
|---|---|
| Format: | Book |
| Published: |
London :
Blackstone Press ,
1998
|
| Edition: | 6th ed. |
| Subjects: |
MARC
| LEADER | 00000cam a2200000 7i4500 | ||
|---|---|---|---|
| 001 | 0000001140 | ||
| 005 | 20140111.0 | ||
| 020 | 0 | 0 | |a 1854317792 |
| 090 | 0 | 0 | |a 346.02 |b TAY 1998 |
| 100 | 1 | 0 | |a TAYLOR |h Richard D. |
| 245 | 1 | 0 | |a Law of contract |c Richard D. Taylor |
| 250 | 0 | 0 | |a 6th ed. |
| 260 | 0 | 0 | |a London : |b Blackstone Press , |c 1998 |
| 300 | |a xviii, 240 p. ; |c 23 cm. | ||
| 500 | 0 | 0 | |a Bibliography : [p. 233-234] and index |
| 650 | 0 | 0 | |a Contracts |
| 998 | |a JPSM | ||
| 999 | |a 0000002128 |b Monograph |c Open Shelf |e Default branch | ||